| 000 | 00343nam a22001577a 4500 | ||
|---|---|---|---|
| 003 | SGT | ||
| 020 | _a978-93-86217-87-5 | ||
| 082 |
_a618.92 _bE17G |
||
| 100 | _aGUPTA, PIYUSH | ||
| 245 | _aESSENTIAL PEDIATRIC NURSING | ||
| 250 | _a4TH | ||
| 260 |
_aINDIA _bCBS PUB _c2017 |
||
| 300 | _a556 | ||
| 650 | _aPEDIATRICS | ||
| 942 |
_2ddc _cBK _013 |
||
| 999 |
_c18651 _d18651 |
||